Responses for Show #5727 - Tuesday, June 30, 2009

Contestants

[<< previous game]

Nina Ginocchio, a school librarian from Park Ridge, Illinois

Tyrone Rogers, a bank teller from Camp Springs, Maryland

Tui Sutherland, a children's book author from Watertown, Massachusetts (whose 2-day cash winnings total $44,200)

[next game >>]

Jeopardy! Round responses

THE NEW YORK TIMES BOOK REVIEW
THE PUCK STOPS HERE
BEASTLY BLUES
A MAN CALLED HORACE
POTENT POTABLES, SOUTHERN STYLE
"KER"
    $200 11
(Tyrone: What is Song of Solomon?)
(Nina: What is Waiting to Exhale?)

Beloved

Tui :)TyroneNina
    $200 19
a mask

Tui :)
    $200 6
Red Fish Blue Fish

Tui :)
    $200 16
Mark Twain

Nina
    $200 24
(Alex: [*], yes. Pale green eyes.)

lime

Nina
    $200 1
Kermit the Frog

Nina
    $400 12
The Reader

Tui :)
    $400 20
score a goal

Nina
    $400 7
(Tui: What is his ox?)
(Alex: Be more specific.)

his blue ox

Tui :)
    $400 17
(Daniel) Wesson

Nina
    $400 25
(Tyrone: What is an old fashioned?)

a mint julep

Tyrone
Triple Stumper
    $400 2
a kerchief

Nina
    $600 13
John le Carré

Triple Stumper
    $600 21
(Tyrone: What is a strike?)

a save

TyroneNina
    $600 8
the Blue Jays

Tui :)
    $600 18
(Nina: Who is Horace Greeley?)

Horace Mann

TyroneNina
    $600 26
(Nina: What is gin?)

vermouth

Tui :)Nina
    $600 3
kerosene

Tyrone
    $800 14
Frank Lloyd Wright

Tui :)
    $800 22
(Tyrone: What is the pick?)

the blade

TyroneNina
    $800 9
Maryland

Nina
    $800 29
(Tyrone: What is a meteor shower?)

a comet

Tui :)Tyrone
    $800 27
coffee

Nina
    $800 4
kerning

Nina
    $1,000 15
(Tui: Who is Bishop? No.)
(Alex: No. Who is [*]? Author of The Witches of Eastwick.)

John Updike

Tui :)
    $1000 23
the crease

Nina
    $1000 10
(Nina: What is Skye?)

a Kerry blue terrier

Tui :)Nina
    $1000 30
Horace Greeley

Nina
    $1000 28
gin

Nina
    $1000 5
(Alex: It's not jersey, it's [*].)

kersey

Triple Stumper

Scores at the first commercial break (after clue 15):

Tui :) Tyrone Nina
$2,600 $400 $1,000

Scores at the end of the Jeopardy! Round:

Tui :) Tyrone Nina
$4,200 -$1,600 $6,200

Double Jeopardy! Round responses

ECONOMICS
TV MISGUIDED
DON'T QUOTE ME ON THAT
NET WORKING
MULTIPLE-WORD CAPITALS
JUSTIN WHO?
    $400 26
(Tyrone: What is... U.S. Treasury?)

the Federal Reserve

TyroneNina
    $400 6
Dallas

Nina
    $400 11
(Nina: Who is Humphrey Bogart?)

Cary Grant

Nina
Triple Stumper
    $400 18
Pandora

Nina
    $400 1
Santo Domingo

Tui :)
    $400 13
time

Tyrone
    $800 27
value

Nina
    $800 7
Star Wars

Tui :)
    $800 12
(Nina: Who is Lombardi?)
...
(Alex: Good thought, but wrong sport. Not Lombardi, but [*], baseball.)

Leo Durocher

Nina
Triple Stumper
    $800 19
Flickr

Nina
    $800 2
New Delhi

Tui :)
    $800 14
case

Tui :)
    $1200 28
(Alex: [Thinking there is only one clue left] Right, and now... [catching himself] two clues.)

the consumer price index

Nina
    $1200 8
Shelley Long

Nina
    $1200 23
(Henry David) Thoreau

Tui :)
    $1200 20
Epicurious

Tyrone
    $1200 3
Phnom Penh

Tyrone
    $1200 15
(Tyrone: What is tolerable?)
[Alex actually gave "in[*]" as the correct response.]

excusable

Tyrone
Triple Stumper
    $2,000 29
(Nina: What is the Free Trade Act?)
[The end-of-round signal sounds.]

the Sherman Antitrust Act

Nina
    $1600 9
Heidi

Nina
    $2,200 24
(Tui: What is greed?)

the love of money

Tui :)
    $1600 21
Digg

Tui :)
    $1600 4
the United Arab Emirates

Tyrone
    $1600 16
[Alex accepted Nina's response of "in[*]".]

corrigible

Nina
    $2000 10
Cop Rock

Tui :)
    $2000 25
(Alex: With less than a minute to go.)

a preposition

Nina
    $2000 22
ARPANET

Triple Stumper
    $2000 5
Dar es Salaam

Nina
    $2000 17
[Alex accepted Nina's response of "in[*]".]

fallible

Nina

Scores at the end of the Double Jeopardy! Round:

Tui :) Tyrone Nina
$9,600 $1,200 $17,400

[wagering suggestions for these scores]

Final Jeopardy! Round responses

AMERICAN HISTORY
TyroneWho is Rosa Rosa Parks?
$1,200
Tui :)Who is Rosa Parks?
$7,801
NinaWho is Rosa Parks?
$1,800
Rosa Parks

Final scores:

Tui :) Tyrone Nina
$17,401 $2,400 $19,200
2nd place: $2,000 3rd place: $1,000 New champion: $19,200

Game dynamics:

Coryat scores:

Tui :) Tyrone Nina
$12,800 $1,200 $19,400
17 R,
2 W
(including 2 DDs)
6 R,
7 W
26 R,
7 W
(including 1 DD)

Combined Coryat: $33,400

[game clues] [game scores] [suggest correction]

Game tape date: 2009-03-24
The J! Archive is created by fans, for fans. Scraping, republication, monetization, and malicious use prohibited; this site may use cookies and collect identifying information. See terms. The Jeopardy! game show and all elements thereof, including but not limited to copyright and trademark thereto, are the property of Jeopardy Productions, Inc. and are protected under law. This website is not affiliated with, sponsored by, or operated by Jeopardy Productions, Inc. Join the discussion at JBoard.tv.